000 00791nam a2200325Ia 4500
008 210210b2005 xxu||||| |||| 00| 0 eng d
020 _a9780387241449
041 _aeng
082 _a589.9 GARB
100 _aGARRITY (George M) Ed
245 _aBergeys manual of systematic bacteriology Ed 2 Vol II:the proteobacteria
_bPart B the Gammaproteobacteria
250 _a
260 _aNew York
_bSpringer
_c2005
300 _axxviii,1106
440 _a2
650 _aVol
650 _asystematic
650 _aproteobacteria
650 _aPart
650 _amanual
650 _aII:the
650 _aGammaproteobacteria
650 _aEd
650 _aBergeys
650 _abacteriology
650 _aB
650 _a2
690 _aBacteriology
906 _a074142
999 _c123972
_d123972